| 000 | 00634nam a22002057a 4500 | ||
|---|---|---|---|
| 003 | OSt | ||
| 005 | 20260312063153.0 | ||
| 008 | 260312b |||||||| |||| 00| 0 eng d | ||
| 020 | _a971-93317-1-1. | ||
| 040 |
_aDWCL Main lib _cOC |
||
| 082 | _aCirc. 425 Av946 2007 | ||
| 100 | _aAvalos, Adelaida G. | ||
| 245 |
_aFrom grammar to fluency in 30 days _cAdelaida G. Avalos |
||
| 260 |
_aLaguna : _bFPR Publishing, _cc2007. |
||
| 300 |
_aXVIII, 308 p. : _bill. ; _c27 cm. |
||
| 504 | _aIncludes bibliographical references. | ||
| 650 | _a1. English language-Grammar. | ||
| 700 | _aReinaldo L. Avalos | ||
| 942 |
_2ddc _cBK-CIRC _kCirc. _n0 |
||
| 999 |
_c9045 _d9045 |
||